000 00933nam a22002297a 4500
005 20220420123213.0
008 220310b ||||| |||| 00| 0 eng d
020 _a9789386649225
040 _cAL
041 _aeng
082 _223
_a001.42
_bKOTR
100 _aKothari C R
_923309
245 _aResearch Methodology
_bMethods and techniques
250 _a4th
260 _aLondon
_bNew age international limited
_c2022
300 _axxi,458p.
_bPB
_c24x17cm.
365 _2General
_aVBI-1343
_b₹299.25
_c
_d₹399.00
_e25%
_f21/02/2022
520 _aReading books is a kind of enjoyment. Reading books is a good habit. We bring you a different kinds of books. You can carry this book where ever you want. It is easy to carry. It can be an ideal gift to yourself and to your loved ones. Care instruction keep away from fire.
650 _2Research
_aMethodology
_923310
700 _aGarg, Gaurav
_923311
942 _2ddc
_cBK
999 _c221810
_d221810